000
00340nam a2200145 4500
999
_c
9402
_d
9402
003
OSt
005
20210409162047.0
008
210409b ||||| |||| 00| 0 eng d
020
_a
9781780673677
082
_a
684.1
_b
STU
100
_a
Stuart Christopher
245
_a
Diy furniture 2
260
_a
UK
_b
Laurence king publishing
942
_2
ddc